Największe miasta Wielkiej Brytanii - Sprint - Statystyki

Ogólne statystyki
  • Ten quiz został rozwiązany 12 razy
  • Średni wynik to 4 z 5
Statystyki odpowiedzi
Populacja Miasta % Poprawnych
8 825 001 Londyn
100%
1 137 123 Birmingham
90%
621 020 Glasgow
80%
784 846 Leeds
50%
577 789 Sheffield
30%
Nie znaleziono quizów pasujących do podanych kryteriów
Rozkład punktacji
Procent ludzi z każdym wynikiem
Percentyl według liczby udzielonych odpowiedzi
Twoja historia wyników
Nie rozwiązałeś tego quizu